00589nam a22002057a 4500003000900000005001700009008003100026020001500057040002200072082001700094100003200111245005700143250001200200260003100212300003000243490002200273521002600295700004000321830002200361DO-SdBNP20180221142730.0160718 1990 sp a spa d a8439289294 aBPMSUbspacBPMSU 4axxxxxbxxxxx1 aCapdevila Blanco, Francisco14aLas cuatro estaciones /cFrancisco Capdevila Blanco  a4a. ed. aMadrid : bGaviota,c1990. a[22] p. :bil. ;c22 cm. 1 aNene, Nena y Guau aA partir de 6 años.12aBerrueta Jiménez, Agustínease. 0aNene, Nena y Guau